zpět

Detail výsledku týmu

Bar U Souseda, Plzeň

Datum a čas kvízu

27.5 Celkem bodů Celkový počet nahraných bodů na tomto kvízu bez doplňovacích otázek.
2. Pořadí na kvízu Konečné umístění týmu na tomto kvízu.

Zaznamenané odpovědi

# Otázka Odpověď Body Výsledky
1. Český marketér a komentátor Ma... 1
2. Ukrajinští umělci vytvořili po... 0
3. Ve čtvrtek přišel do kin celov... 1
4. Americká firma otevřela první... 1
5. Norští sportovci musejí před b... 1
6. Toto téma jste si na facebooko... 1
7. Přiřaďte k sobě správně české... 1
5. Tenké střevo člověka se obecně... 0
5. U prvních sedmi párů žeber při... 0
5. Díky speciální metodě konzerva... 0